| 000 | 00750nam a2200217Ii 4500 | ||
|---|---|---|---|
| 003 | JO-AjNU | ||
| 008 | 230605s9999||||xx |||||||||||||| ||und|| | ||
| 017 | _a1991/7704 | ||
| 020 | _a977-200-014-8 | ||
| 040 |
_aJO-AjNU _bara _erda _cJO-AjNU |
||
| 041 | _aara | ||
| 050 | 1 | 4 | _aPJ6190 S34 1991 |
| 100 | 3 |
_aالسجستاني، ابي حاتم ( 165هجري - 255هجري)؛ تحقيق ودراسة محمد عبد القادر أحمد, _eauthor _98264 |
|
| 245 | 0 | 0 | _aكتاب الإضداد |
| 264 | 3 | 1 | _aالقاهرة: (د.ن)، 1991 |
| 300 | _a300ص | ||
| 336 |
_atext _btxt _2rdacontent |
||
| 337 |
_aunmediated _bn _2rdamedia |
||
| 338 |
_avolume _bnc _2rdacarrier |
||
| 650 | 4 |
_aاللغة العربية - مترادفات واضداد _98265 |
|
| 999 |
_aA700 _c4268 _d4268 |
||